000 00665nam a22001817a 4500
005 20230904114517.0
010 _aENG-137732
020 _c500.00
_a9789390627547
035 _aEN-121264
037 _bDBAD/PUB
082 _a746.6
100 _aSamyukta,Priti
_955848
245 _aA Comparative Study Of Batik And Kalamkari Paintings:
_bWith Special ReferenceTo Telegana And Andhra Pradesh/
_cby Priti Samyukta
_hEnglish
260 _aGujarat
_bKrishna Publication House
_c2021
270 _bGujarat
_aNo.303, YashKunj Apartment, Devbuag, Anantwadi,Bhavnagar
_e364002
300 _a266p.
_c20cm(pbk)
_bIllustrated
942 _2ddc
_cEN
_h746.6
_mSAM
999 _c196867
_d196867